[Event "16th Lienz-Open 2011"]
[Site "Lienz AUT"]
[Date "2011.02.19"]
[Round "9"]
[White "Wallner,J"]
[Black "Schwenk,A"]
[Result "1-0"]
[WhiteElo "2290"]
[BlackElo "2120"]

1.e4 c5 2.Nf3 e6 3.d4 cxd4 4.Nxd4 a6 5.Bd3 Bc5 6.Nb3 Be7 7.O-O Qc7 8.c4 d6
9.Nc3 Nd7 10.Be3 Ngf6 11.Rc1 b6 12.Nd4 Bb7 13.f3 Ne5 14.Be2 Ng6 15.Qd2 O-O
16.Rfd1 Rab8 17.Bf1 Rfe8 18.Qf2 Ba8 19.b3 Bf8 20.Na4 Nd7 21.Nc2 Nc5 22.Nc3 Qe7
23.b4 Nd7 24.Na4 Qd8 25.a3 Qc7 26.Nd4 Be7 27.Bd3 Nge5 28.Bb1 Rec8 29.Ba2 Kh8
30.Qg3 Nf6 31.Bb3 Ng6 32.Rc2 Nh5 33.Qf2 Bh4 34.g3 Bd8 35.Qd2 Qe7 36.Qe2 Bc7
37.Nc3 Nf6 38.Bg5 h6 39.Be3 Ne5 40.Bf4 g5 41.Bc1 Rg8 42.Bb2 Rg6 43.Rdc1 Rbg8
44.Kg2 Bb8 45.Qe3 Qb7 46.Kf1 Kh7 47.Ba2 h5 48.Ba1 Ned7 49.Bb1 g4 50.f4 e5
51.Nf5 exf4 52.gxf4 Re8 53.Re2 b5 54.cxb5 axb5 55.Rd1 Qc6 56.Qd3 Nb6 57.Nd4 Qd7
58.Ndxb5 g3 59.f5 Rg4 60.Nxd6 Nxe4 61.Nxe8 Qxf5+ 62.Ke1 gxh2 63.Rxh2 Bxh2
64.Nxe4 Bxe4 65.Nf6+ Qxf6 66.Qxe4+ Rxe4+ 67.Bxe4+ Qg6 68.Bxg6+  1-0

[Event "US Amateur Team-ch East"]
[Site "Parsippany USA"]
[Date "2011.02.19"]
[Round "1"]
[White "Harding,A"]
[Black "Arnold,Mar"]
[Result "0-1"]
[WhiteElo "1978"]
[BlackElo "2425"]

1.e4 c5 2.Nf3 e6 3.d4 cxd4 4.Nxd4 a6 5.Bd3 Bc5 6.Nb3 Be7 7.Nc3 Nc6 8.O-O Nf6
9.Qe2 d6 10.Bd2 b5 11.a4 b4 12.Na2 a5 13.c3 bxc3 14.Nxc3 O-O 15.Rac1 Nb4
16.Bb5 Bb7 17.Rfe1 e5 18.Bg5 h6 19.Bxf6 Bxf6 20.Rcd1 Rc8 21.Nc1 Bg5 22.Nd3 Nc6
23.Bxc6 Rxc6 24.Nxe5 Rc5 25.Nc4 Ba6 26.Nb5 Qb8 27.Ncxd6 Bf4 28.Qf3 Be5 29.g3 Bxb2
30.Rd5 Rc6 31.e5 Qb6 32.Rd2 Bc1 33.Rdd1 Bg5 34.Nd4 Rc5 35.h4 Bd8 36.N4f5 Rc2
37.Rc1 Qb4 38.Qe3 Bb6 39.Ne7+ Kh8 40.Qxb6 Qxb6 41.Rxc2 Qd4 42.Rc6 Bd3 43.Re3 Be2
44.Kh2 Qd1 45.Rcc3 Qf1 46.Ne4 Rb8 47.Rc8+ Rxc8 48.Nxc8 Bg4  0-1

[Event "US Amateur Team-ch East"]
[Site "Parsippany USA"]
[Date "2011.02.19"]
[Round "2"]
[White "West,James"]
[Black "Corke,A"]
[Result "1/2-1/2"]
[WhiteElo "2113"]
[BlackElo "2257"]

1.e4 c5 2.Nf3 e6 3.d4 cxd4 4.Nxd4 a6 5.Bd3 Bc5 6.Nb3 Be7 7.O-O Nc6 8.Nc3 Nf6
9.Be3 b5 10.a3 Ne5 11.Be2 Bb7 12.Nd2 d6 13.f4 Ng6 14.Qe1 O-O 15.Qg3 Kh8 16.Rad1 Qc7
17.Qh3 Rfd8 18.Bf3 Ng8 19.Bh5 Bf6 20.Bxg6 fxg6 21.f5 gxf5 22.exf5 exf5 23.Qxf5 Re8
24.Qf2 Be5 25.Nf3 Nf6 26.Nxe5 dxe5 27.h3 Qc6 28.Rd2 Rad8 29.Rfd1 Rxd2 30.Rxd2  1/2-1/2

[Event "ch-ROU Women"]
[Site "Sarata Monteoru ROU"]
[Date "2011.02.19"]
[Round "8.3"]
[White "Peptan,C"]
[Black "Padurariu,I"]
[Result "1-0"]
[WhiteElo "2414"]
[BlackElo "2160"]

1.e4 c5 2.Nf3 e6 3.d4 cxd4 4.Nxd4 a6 5.Bd3 Qc7 6.O-O Nf6 7.c4 Be7 8.Nc3 O-O
9.Be3 d6 10.Rc1 b6 11.Qe2 Bb7 12.b3 Nbd7 13.f3 Rac8 14.Rfd1 Rfe8 15.Qf2 Qb8
16.Nde2 Bd8 17.Bb1 Bc7 18.h3 Rcd8 19.Rd2 Ba8 20.a4 Ne5 21.Rcd1 Ng6 22.Bg5 h6
23.Bxf6 gxf6 24.Kh1 Bc6 25.Qe3 Kg7 26.Ng3 Ne5 27.Nh5+ Kg6 28.Qf4 Rg8 29.Nxf6 Rh8
30.Nh5 Rdg8 31.Ng3 Kh7 32.Nd5 Bd8 33.Nh5 Bg5 34.Ndf6+ Kg6 35.Qf5+  1-0

[Event "ch-ROU Men"]
[Site "Sarata Monteoru ROU"]
[Date "2011.02.19"]
[Round "10.28"]
[White "Corlatescu,D"]
[Black "Martian,D"]
[Result "1-0"]
[WhiteElo "2191"]
[BlackElo "1990"]

1.e4 c5 2.Nf3 e6 3.d4 cxd4 4.Nxd4 a6 5.Bd3 Nf6 6.O-O Qc7 7.c4 d6 8.Nc3 g6
9.Be3 Bg7 10.Rc1 O-O 11.f4 b6 12.Kh1 Bb7 13.f5 exf5 14.exf5 Re8 15.Nd5 Nxd5
16.cxd5 Qe7 17.fxg6 hxg6 18.Qf3 Nd7 19.Rc7 Ne5 20.Rxe7 Nxf3 21.Rxe8+ Rxe8
22.Rxf3 Bxd5 23.Rh3 Rxe3 24.Rxe3 Bxd4 25.Re8+ Kg7 26.b3 b5 27.Be4 Be6 28.Ra8 b4
29.Rxa6 Bc5 30.g3 Kf6 31.Kg2 Ke5 32.Kf3 g5 33.Bb7 g4+ 34.Ke2 Bd7 35.Ra8 f5
36.Rf8 d5 37.Rd8 Be6 38.Bc8 Bf7 39.Rh8 Kf6 40.Bd7 Bg6 41.Rc8 Bd6 42.Be8 Bh7
43.Ke3 Be5 44.Rc6+ Kg5 45.Rc5 f4+ 46.gxf4+ Bxf4+ 47.Kf2 Be4 48.Bc6 Bxh2 49.Bxd5 Bd6
50.Rc6 g3+ 51.Kg1 Bxd5 52.Rxd6 Be4 53.Rd4 Bb1 54.Rxb4 Bxa2 55.Kg2 Kf5 56.Kxg3  1-0

[Event "TCh-HUN 2010-11"]
[Site "Budapest HUN"]
[Date "2011.02.20"]
[Round "6"]
[White "Rigo,Ja"]
[Black "Szieberth,A"]
[Result "0-1"]
[WhiteElo "2313"]
[BlackElo "2320"]

1.e4 c5 2.Nf3 e6 3.d4 cxd4 4.Nxd4 a6 5.Bd3 Bc5 6.Nb3 Be7 7.f4 d6 8.Be3 Bh4+
9.g3 Bf6 10.N1d2 Qc7 11.Nc4 Nd7 12.Be2 Be7 13.Bd4 e5 14.Bf2 Ngf6 15.Qd3 b5
16.Ne3 Bb7 17.Bf3 O-O 18.O-O exf4 19.gxf4 Rfe8 20.Nf5 Bf8 21.Ng3 Nc5 22.Nxc5 dxc5
23.e5 c4 24.Qe2 Nd5 25.Qe4 Rab8 26.Qf5 g6 27.Qg4 Bc8 28.f5 Rxe5 29.Rae1 Bxf5
30.Qd4 Rxe1 31.Rxe1 Ne7 32.c3 Bg7 33.Qh4 Be6 34.Ne4 Nf5 35.Nf6+ Bxf6 36.Qxf6 Qe7
37.Qe5 Rd8 38.Be4 Rd2 39.Bxf5 Qg5+ 40.Bg3 Qxf5 41.Qb8+ Kg7 42.Qc7 g5 43.Rf1 Qd5
44.Qe5+ Qxe5 45.Bxe5+ Kg6 46.Rf6+ Kh5 47.Rf2 Rd1+ 48.Rf1 Rxf1+ 49.Kxf1 Kg4
50.Kf2 Kf5 51.Bd6 Ke4 52.Be7 Kd3 53.a3 Kc2 54.Ke3 Kxb2 55.Kd2 a5 56.Bd8 b4
57.cxb4 c3+ 58.Kd3 c2 59.Bxg5 a4 60.b5 c1=Q 61.Bxc1+ Kxc1 62.b6 Bc8 63.Kc3 f5  0-1

[Event "TCh-HUN 2010-11"]
[Site "Kazincbarcika HUN"]
[Date "2011.02.20"]
[Round "6"]
[White "Groszpeter,A"]
[Black "Varadi,V"]
[Result "1-0"]
[WhiteElo "2525"]
[BlackElo "2402"]

1.e4 c5 2.Nf3 e6 3.d4 cxd4 4.Nxd4 a6 5.Bd3 Nf6 6.O-O Qc7 7.Qe2 d6 8.c4 g6
9.Nc3 Bg7 10.Rd1 O-O 11.Nf3 Nc6 12.h3 b6 13.Bf4 Nd7 14.Rac1 Nde5 15.Qe3 Nxf3+
16.Qxf3 Ne5 17.Qe3 Rd8 18.Be2 Rb8 19.b3 Bb7 20.h4 Bc6 21.h5 Qe7 22.Qg3 b5
23.c5 f6 24.cxd6 Rxd6 25.hxg6 hxg6 26.Bxe5 fxe5 27.Rxd6 Qxd6 28.Rd1 Qc5 29.Qxg6 Qxc3
30.Qxe6+ Kh8 31.Rd3 Qc1+ 32.Bf1 Kh7 33.Rh3+ Bh6 34.Qf7+ Kh8 35.Qg6  1-0

[Event "ch-FRA Blitz 2011"]
[Site "Nice FRA"]
[Date "2011.02.20"]
[Round "13"]
[White "Podvin,F"]
[Black "Fedorchuk,S"]
[Result "0-1"]
[WhiteElo "1974"]
[BlackElo "2650"]

1.e4 c5 2.Nf3 e6 3.d4 cxd4 4.Nxd4 a6 5.Bd3 Bc5 6.Nb3 Be7 7.O-O d6 8.Nc3 Nd7
9.f4 Ngf6 10.a4 b6 11.Be3 Bb7 12.g4 Nc5 13.Nxc5 bxc5 14.g5 Nd7 15.Qg4 Qc7
16.f5 Ne5 17.Qg3 Qd7 18.Rad1 g6 19.f6 Bd8 20.Bxc5 dxc5 21.Bb5 axb5 22.Rxd7 Nxd7
23.Nxb5 O-O 24.b3 h5 25.Rd1 Nb6 26.Qc3 Bxe4 27.Qe5 Bxc2 28.Rc1 Bxb3 29.Nc3 Bd5
30.Ra1 Ra5 31.Qd6 Nc4 32.Qd7 Nb6 33.Qd6 Nc4 34.Qd7 Ne5 35.Qd6 Nf3+ 36.Kf2 Nxg5
37.Nxd5 Ne4+  0-1

[Event "ch-ROU Men"]
[Site "Sarata Monteoru ROU"]
[Date "2011.02.20"]
[Round "11.25"]
[White "Stanculescu,C"]
[Black "Moldovan,G"]
[Result "1-0"]
[WhiteElo "2232"]
[BlackElo "2056"]

1.e4 c5 2.Nf3 e6 3.d4 cxd4 4.Nxd4 a6 5.Bd3 b5 6.O-O Bb7 7.Nc3 Qc7 8.Kh1 Nf6
9.Qe2 b4 10.Nd1 d5 11.e5 Nfd7 12.f4 Nc6 13.Nxc6 Bxc6 14.Be3 Bc5 15.Qg4 d4
16.Bd2 h5 17.Qe2 h4 18.Be4 Rc8 19.Bxc6 Qxc6 20.Qf3 Qxf3 21.Rxf3 Nb6 22.c3 a5
23.cxb4 axb4 24.a3 bxa3 25.b4 Be7 26.Rfxa3 Nd5 27.Rd3 Bxb4 28.Bxb4 Nxb4 29.Rxd4 Nd5
30.f5 Rh5 31.fxe6 fxe6 32.Re4 Kf7 33.Ne3 Nxe3 34.Rxe3 Rc5 35.Rae1 Rf5 36.Kg1 g5
37.g3 h3 38.g4 Rf4 39.Rxh3 Rxg4+ 40.Rg3 Rxg3+ 41.hxg3 Kg6 42.Kg2 Kf5 43.Kh3 Rxe5
44.Rf1+ Kg6 45.Rf8 Ra5 46.Rg8+ Kh6 47.Re8 Re5 48.Kg4 Kg6 49.Rg8+ Kh6 50.Re8 Re4+
51.Kf3 Re1 52.Kg4 Re4+  1-0

[Event "TCh-SVK Extraliga 2010-11"]
[Site "Slovakia SVK"]
[Date "2011.02.20"]
[Round "6.4"]
[White "Petenyi,T"]
[Black "Meszaros,Mi"]
[Result "1/2-1/2"]
[WhiteElo "2393"]
[BlackElo "2409"]

1.e4 c5 2.Nf3 e6 3.d4 cxd4 4.Nxd4 a6 5.Bd3 Ne7 6.O-O Nbc6 7.Nxc6 Nxc6 8.Be3 Be7
9.Nc3 O-O 10.f4 d6 11.Qh5 Bf6 12.Rad1 g6 13.Qh6 Bg7 14.Qh3 d5 15.Bc5 Re8
16.e5 b6 17.Bf2 f5  1/2-1/2

[Event "2nd Jerry Hanken Memorial"]
[Site "Stillwater USA"]
[Date "2011.02.20"]
[Round "5.2"]
[White "Xiong,Jeffrey"]
[Black "Orton,W"]
[Result "1-0"]
[WhiteElo "1880"]
[BlackElo "2133"]

1.e4 c5 2.Nf3 e6 3.d4 cxd4 4.Nxd4 a6 5.Bd3 e5 6.Nb3 Nc6 7.c4 Bb4+ 8.Nc3 Nf6
9.Bd2 Na5 10.O-O O-O 11.Nxa5 Bxa5 12.a3 d6 13.b4 Bb6 14.Bg5 h6 15.Bh4 g5
16.Bg3 Be6 17.Rc1 Rc8 18.Nd5 Bd4 19.Qe2 Kg7 20.h3 Rh8 21.Rfd1 h5 22.Bb1 h4
23.Bh2 Nh5 24.c5 Bxd5 25.exd5 Nf6 26.cxd6 Rxc1 27.Rxc1 Qxd6 28.Qd2 Rd8 29.Qxg5+ Kf8
30.Rd1 Qxd5 31.Qxf6 Bxf2+ 32.Kxf2 Qxd1 33.Qh8+ Ke7 34.Qxe5+ Kf8 35.Qh8+ Ke7
36.Qxh4+ Kf8 37.Qh8+ Ke7 38.Qe5+ Kf8 39.Bf4  1-0

[Event "61st ch-RUS w 1st League"]
[Site "Ivanovo RUS"]
[Date "2011.02.22"]
[Round "2"]
[White "Rashitova,G"]
[Black "Shendrik,Z"]
[Result "0-1"]
[WhiteElo "1828"]
[BlackElo "2058"]

1.e4 c5 2.Nf3 e6 3.d4 cxd4 4.Nxd4 a6 5.Bd3 Qc7 6.O-O Nf6 7.Qe2 d6 8.c4 b6
9.Nc3 Bb7 10.f3 Be7 11.Be3 Nbd7 12.Rac1 Rc8 13.b3 O-O 14.Bb1 Rfe8 15.Kh1 Qb8
16.f4 Nc5 17.Bg1 Qa8 18.Rce1 Ncd7 19.Rf3 Nf8 20.Rg3 Ng6 21.Rf1 Bf8 22.Na4 Nd7
23.Rg4 Qb8 24.Be3 Nf6 25.Nxb6 Nxg4 26.Qxg4 Rcd8 27.Ne2 Qc7 28.Ng3 d5 29.cxd5 exd5
30.Rc1 Qe7 31.Nf5 Qe6 32.Rc7 d4 33.Rxb7 dxe3 34.Nc4 Qc6 35.Rb6 Qc7 36.e5 e2
37.Qxe2 Nxf4 38.Qf3 Ng6 39.Rxa6 Nxe5 40.Nxe5 Qc1+  0-1

[Event "61st ch-RUS w 1st League"]
[Site "Ivanovo RUS"]
[Date "2011.02.23"]
[Round "3"]
[White "Andreeva,E"]
[Black "Figura,L"]
[Result "0-1"]
[WhiteElo "1978"]
[BlackElo "2181"]

1.e4 c5 2.Nf3 e6 3.d4 cxd4 4.Nxd4 a6 5.Bd3 Qc7 6.O-O Nf6 7.c4 b6 8.Nc3 Bb7
9.Qe2 d6 10.Be3 Nbd7 11.f4 Nc5 12.f5 e5 13.Nb3 Ncxe4 14.Nxe4 Nxe4 15.Bxe4 Bxe4
16.Bd4 Bc6 17.c5 bxc5 18.Nxc5 Bb5 19.Qe4 Qc6 20.Rfe1 Qxe4 21.Nxe4 exd4 22.Nxd6+ Kd7
23.Nxf7 Rg8 24.a4 Bc6 25.Rac1 Bd5 26.Ne5+ Kd6 27.b3 Be7 28.Nc4+ Bxc4 29.Rxc4 Bf6
30.Re6+ Kd5 31.Rcc6 Rgd8 32.b4 d3 33.Rc5+ Kd4 34.Rec6 d2  0-1

[Event "Elitzur Winter GM"]
[Site "Petach Tikva ISR"]
[Date "2011.02.25"]
[Round "3"]
[White "Popilski,G"]
[Black "Kudischewitsch,D"]
[Result "1-0"]
[WhiteElo "2381"]
[BlackElo "2348"]

1.e4 c5 2.Nf3 e6 3.d4 cxd4 4.Nxd4 a6 5.Bd3 Be7 6.O-O Bf6 7.Nf3 Nc6 8.Nbd2 Nge7
9.Re1 d6 10.Nc4 d5 11.Ne3 dxe4 12.Bxe4 Ng6 13.Nc4 O-O 14.Be3 Qc7 15.Bc5 Be7
16.Bb6 Qb8 17.g3 a5 18.h4 Re8 19.h5 Nf8 20.Bxc6 bxc6 21.Nfe5 Qb7 22.Qf3 f6
23.Nxc6 Ra6 24.Nxe7+ Qxe7 25.Rad1 Bb7 26.Qg4 Rc8 27.Be3 Qc7 28.b3 a4 29.Rd2 Qc6
30.Qh3 Qf3 31.Nd6 Rxc2 32.Rxc2 Rxd6 33.Kh2 axb3 34.axb3 Nd7 35.Bf4 e5 36.Be3 f5
37.g4 Qd5 38.Rd2 Qa5 39.Rxd6 Qxe1 40.Rxd7 Qh1+ 41.Kg3 Qg1+ 42.Kh4 fxg4 43.Rd8+ Kf7
44.Qxg4 Qh1+ 45.Kg5 h6+ 46.Kf5 Be4+ 47.Kxe5  1-0

[Event "61st ch-RUS w 1st League"]
[Site "Ivanovo RUS"]
[Date "2011.02.26"]
[Round "6"]
[White "Sazonova,A"]
[Black "Shendrik,Z"]
[Result "1-0"]
[WhiteElo "1886"]
[BlackElo "2058"]

1.e4 c5 2.Nf3 e6 3.d4 cxd4 4.Nxd4 a6 5.Bd3 Qc7 6.O-O Nf6 7.c4 b6 8.Nc3 Bb7
9.Be3 Nc6 10.Nxc6 Qxc6 11.f3 Bc5 12.Bxc5 Qxc5+ 13.Kh1 Bc6 14.Qe2 d6 15.a3 O-O
16.b4 Qh5 17.Qe3 Nd7 18.f4 Rfe8 19.Rf3 f5 20.Rh3 Qf7 21.Qg3 Qf6 22.Rc1 a5
23.b5 Bb7 24.exf5 exf5 25.Rh5 Be4 26.Bxe4 fxe4 27.Nd5 Qb2 28.Re1 Nf6 29.Rf5 Nxd5
30.Rxd5 e3 31.Rd3 e2 32.f5 Ra7 33.h3 Rf7 34.Re3 Ref8 35.R3xe2 Qd4 36.Re4 Qc5
37.Re7 Qxc4 38.Rxf7 Qxf7 39.Qxd6 Qxf5 40.Qxb6 Qd3 41.a4 Qc3 42.Qe6+ Kh8 43.Qe7 Rg8
44.b6 Qb3 45.b7 h6 46.Qd7 Qb4 47.Re8  1-0

[Event "61st ch-RUS w 1st League"]
[Site "Ivanovo RUS"]
[Date "2011.02.27"]
[Round "7"]
[White "Dogodkina,J"]
[Black "Kabanova,E"]
[Result "1/2-1/2"]
[WhiteElo "2070"]
[BlackElo "2190"]

1.e4 c5 2.Nf3 e6 3.d4 cxd4 4.Nxd4 a6 5.Bd3 Qc7 6.O-O Nf6 7.c4 d6 8.Nc3 Be7
9.f4 Nbd7 10.f5 e5 11.Nb3 b6 12.Be3 Bb7 13.Nd5 Bxd5 14.cxd5 Nc5 15.Rc1 Qb7
16.Nxc5 bxc5 17.b3 h6 18.Rc4 O-O 19.g4 Nh7 20.Qe2 Bg5 21.Bf2 Rfb8 22.Bg3 Qe7
23.Ra4 a5 24.Be1 Qd8 25.Kg2 Bh4 26.Bd2 Nf6 27.h3 Qb6 28.Bc4 Ra7 29.Rb1 Bg5
30.Bc3 Bf4 31.Qe1 Rba8 32.Kf3 g5 33.Qe2 Kf8 34.Bb5 Ke7 35.Bc6 Rh8 36.Qb5 Qxb5
37.Bxb5 h5 38.gxh5 Rxh5 39.Bf1 Rh8 40.b4 cxb4 41.Bxb4 Rha8 42.Ba3 Rc8 43.Bc4 Rac7
44.Bxd6+ Kxd6 45.Rb6+ Kd7 46.Bb5+ Kd8 47.Rxf6 Rc3+ 48.Kf2 Rc2+ 49.Be2 R8c3
50.Rd6+ Ke7 51.Rc6 Be3+ 52.Kf1 Rxc6 53.dxc6 Rc5 54.Ra3 Bd4 55.Rb3 Rxc6 56.Rb7+ Kf8
57.Bh5 f6 58.Rf7+ Kg8 59.Rd7 Ra6 60.Bf7+ Kf8 61.Bd5 Ra7 62.Rd8+ Ke7 63.Rg8 Bb6
64.Kg2 Rc7 65.Kf3 Rc3+ 66.Kg4 Bd8 67.Be6 Re3 68.Rg7+ Kf8 69.Rd7 Rxe4+ 70.Kh5 Rd4
71.Rxd4 exd4 72.Bc4 Ke7 73.Kg4 Kd6 74.Kf3 Kc5 75.Ba6 Kb4 76.Ke2 Kc3 77.Bb5 Bc7
78.a4 Bf4 79.Bd3 Kb4 80.Bb5 Kc5 81.Bd3 Be3 82.Kf3  1/2-1/2

[Event "31st TCh-IND 2011"]
[Site "Kochi IND"]
[Date "2011.02.27"]
[Round "8"]
[White "Sharma,Di"]
[Black "Prakash,G"]
[Result "0-1"]
[WhiteElo "2365"]
[BlackElo "2346"]

1.e4 c5 2.Nf3 e6 3.d4 cxd4 4.Nxd4 a6 5.Bd3 Bc5 6.Nb3 Be7 7.O-O d6 8.c4 Nf6
9.Nc3 b6 10.Be3 Bb7 11.f4 Nbd7 12.Qf3 O-O 13.Nd2 Nc5 14.Bc2 d5 15.cxd5 exd5
16.exd5 Nxd5 17.Nxd5 Qxd5 18.Qxd5 Bxd5 19.Rfd1 Bf6 20.a4 Rfe8 21.Nf1 Be4
22.Bxe4 Rxe4 23.Rd6 Nxa4 24.Ng3 Bxb2  0-1

[Event "27th Open"]
[Site "Cappelle la Grande FRA"]
[Date "2011.02.28"]
[Round "4.81"]
[White "Szylar,E"]
[Black "Collas,S"]
[Result "0-1"]
[WhiteElo "2065"]
[BlackElo "2311"]

1.e4 c5 2.Nf3 e6 3.d4 cxd4 4.Nxd4 a6 5.Bd3 Nf6 6.Nc3 d6 7.O-O Nbd7 8.a4 b6
9.Be3 Qc7 10.f4 Bb7 11.g4 h5 12.g5 Ng4 13.Bd2 b5 14.g6 Qb6 15.gxf7+ Kxf7
16.Ne2 Ndf6 17.h3 Nxe4 18.hxg4 hxg4 19.Bxe4 Bxe4 20.Be3 Rh3 21.Qd2 Be7 22.Nf3 Qb7
23.Ng5+ Bxg5 24.fxg5+ Bf5 25.Kf2 Rc8 26.c3 Qf3+ 27.Ke1 Qxe3 28.Qxd6 Rc5 29.Qd7+ Kg6
30.Qe8+ Kxg5  0-1

[Event "27th Open"]
[Site "Cappelle la Grande FRA"]
[Date "2011.03.01"]
[Round "5.71"]
[White "Bijaoui,M"]
[Black "Weimann,M"]
[Result "1-0"]
[WhiteElo "2403"]
[BlackElo "2180"]

1.e4 c5 2.Nf3 e6 3.d4 cxd4 4.Nxd4 a6 5.Bd3 Bc5 6.Nb3 Be7 7.O-O d6 8.Qg4 g6
9.Qe2 Nd7 10.a4 Ne5 11.Nc3 Bd7 12.f4 Nxd3 13.Qxd3 Nf6 14.e5 Ng4 15.Qe2 h5
16.Ne4 dxe5 17.fxe5 Bc6 18.Nd6+ Bxd6 19.exd6 Qxd6 20.Bf4 e5 21.Rad1 Qe6 22.Bg5 f6
23.Nd4 Qe7 24.Nxc6 Qc5+ 25.Kh1 bxc6 26.Qd3 Nf2+ 27.Rxf2 Qxf2 28.Qxg6+ Kf8
29.Be3 Qxe3 30.Qxf6+ Kg8 31.Qg6+ Kf8 32.Rf1+ Qf4 33.Rxf4+ exf4 34.Qf6+ Kg8
35.Qxc6 Kg7 36.Qc7+ Kg6 37.Qxf4 Rhf8 38.Qe4+ Kg7 39.h3 Rae8 40.Qb7+ Rf7 41.Qxa6 Re1+
42.Kh2 Rff1 43.Qb6 Re2 44.Qc7+ Kh6 45.Qc6+ Kg7 46.b4 Ree1 47.Qb6 Kh7 48.Qd4 Ra1
49.b5 Rh1+ 50.Kg3 Ra3+ 51.c3 Rc1 52.Qe4+ Kg8 53.Qe8+  1-0

[Event "27th Open"]
[Site "Cappelle la Grande FRA"]
[Date "2011.03.01"]
[Round "5.68"]
[White "Gasik,An"]
[Black "Pogorelov,R"]
[Result "0-1"]
[WhiteElo "2201"]
[BlackElo "2427"]

1.e4 c5 2.Nf3 e6 3.d4 cxd4 4.Nxd4 a6 5.Bd3 Nf6 6.O-O d6 7.Kh1 g6 8.f4 Bg7
9.Nc3 O-O 10.Qf3 Qc7 11.Bd2 Nbd7 12.Rae1 Nc5 13.Nb3 Nxb3 14.axb3 b5 15.e5 Bb7
16.exd6 Qd7 17.Be4 Nxe4 18.Nxe4 Rfc8 19.Qd3 Bxe4 20.Qxe4 Qxd6 21.Bc3 Bxc3
22.bxc3 Qc6 23.Qxc6 Rxc6 24.Re3 Rac8 25.Rff3 a5 26.Kg1 a4 27.bxa4 bxa4 28.Kf1 Rc4
29.Ke2 a3 30.Rf1 a2 31.Ra1 Ra4 32.Rf3 Kg7 33.g3 Kf6 34.Kd2 Kf5 35.h3 h5 36.Re3 Rc5
37.c4 Rcxc4 38.Re5+ Kf6 39.c3 h4 40.gxh4 Rxf4 41.Re2 Rxh4 42.Rh2 Ke7 43.Kc2 g5
44.Kb3 Ra8 45.Rg2 Rxh3 46.Rxg5 Rb8+ 47.Kc4 Rc8+ 48.Kd4 Rhxc3  0-1

[Event "61st ch-RUS w 1st League"]
[Site "Ivanovo RUS"]
[Date "2011.03.01"]
[Round "9"]
[White "Azimova,K"]
[Black "Kabanova,E"]
[Result "1-0"]
[WhiteElo "2028"]
[BlackElo "2190"]

1.e4 c5 2.Nf3 e6 3.d4 cxd4 4.Nxd4 a6 5.Bd3 Qc7 6.O-O Nf6 7.c4 d6 8.Nc3 Nbd7
9.Qe2 Be7 10.Be3 b6 11.Rac1 Bb7 12.f3 Rc8 13.b3 Qb8 14.Kh1 O-O 15.Bg1 Rfe8
16.Qd2 Bd8 17.Bb1 Bc7 18.Rce1 Red8 19.f4 Ba8 20.Rf3 Nc5 21.b4 Ncd7 22.Rh3 Nf8
23.Qe2 Qb7 24.Rg3 Ng6 25.Be3 Bb8 26.f5 exf5 27.exf5 Ne5 28.Bh6 g6 29.fxg6 Nxg6
30.Qf2 Re8 31.Rf1 Nh5 32.Rg5 Nf4 33.Qxf4 Qe7 34.Nd5 Bxd5 35.cxd5 Rc4 36.Qf2 f6
37.Bxg6 hxg6 38.Rxg6+ Kh8 39.Bg7+ Kh7 40.Bxf6 Qe4 41.Rg7+  1-0

[Event "61st ch-RUS w 1st League"]
[Site "Ivanovo RUS"]
[Date "2011.03.01"]
[Round "9"]
[White "Kostrikina,A"]
[Black "Figura,L"]
[Result "1-0"]
[WhiteElo "2079"]
[BlackElo "2181"]

1.e4 c5 2.Nf3 e6 3.d4 cxd4 4.Nxd4 a6 5.Bd3 Qc7 6.O-O d6 7.Be3 Nd7 8.f4 Ngf6
9.Nc3 b6 10.Qf3 Bb7 11.Rae1 Nc5 12.Kh1 h5 13.Bg1 h4 14.Qh3 O-O-O 15.b4 Ncd7
16.Na4 b5 17.Nb2 d5 18.e5 Ne4 19.Bxe4 dxe4 20.c4 bxc4 21.Nxc4 Kb8 22.Na5 Rc8
23.Qe3 Bd5 24.Rc1 Bc5 25.bxc5 Qxa5 26.c6 Nb6 27.Nb3 Bxb3 28.Qxb3 Kc7 29.f5 h3
30.gxh3 Rhf8 31.fxe6 e3 32.Bxe3 fxe6 33.Rxf8 Rxf8 34.Bc5 Rf4 35.Bxb6+ Qxb6
36.Qxb6+  1-0

[Event "11th Mediterranean Flower"]
[Site "Rijeka CRO"]
[Date "2011.03.01"]
[Round "5"]
[White "Agrest,I"]
[Black "Kolaric,S"]
[Result "1-0"]
[WhiteElo "2170"]
[BlackElo "2049"]

1.e4 c5 2.Nf3 e6 3.d4 cxd4 4.Nxd4 a6 5.Bd3 Nf6 6.O-O Qc7 7.c4 Nc6 8.Nxc6 dxc6
9.Qe2 e5 10.Nc3 Bc5 11.Kh1 Qe7 12.Na4 Bd4 13.Be3 Bxe3 14.Qxe3 Ng4 15.Qg3 Qb4
16.b3 h5 17.h3 h4 18.Qf3 Nf6 19.c5 Be6 20.Rfd1 Rd8 21.Bc2 O-O 22.Qe3 Rd4
23.Rxd4 Qxd4 24.Qe1 Qd7 25.Rd1 Qe7 26.Qc3 Nd7 27.Qe3 Qf6 28.b4 Rd8 29.Nc3 Nf8
30.a4 Rd4 31.b5 axb5 32.axb5 Bc4 33.bxc6 bxc6 34.Ra1 Ne6 35.Ra8+ Kh7 36.Nd5 cxd5
37.exd5+ g6 38.dxe6 Qxe6 39.Qg5 Kg7 40.c6 Bd5 41.Kh2 Rf4 42.Qd8 Kh6 43.c7 Bxa8
44.c8=Q Qxc8 45.Qxc8 Rxf2 46.Qh8+ Kg5 47.Qxe5+ f5 48.Qe3+ Rf4 49.g3  1-0

[Event "27th Open"]
[Site "Cappelle la Grande FRA"]
[Date "2011.03.02"]
[Round "6.71"]
[White "De Groot,M"]
[Black "Van Assendelft,F"]
[Result "0-1"]
[WhiteElo "2081"]
[BlackElo "2337"]

1.e4 c5 2.Nf3 e6 3.d4 cxd4 4.Nxd4 a6 5.Bd3 Bc5 6.Nb3 Be7 7.Nc3 d6 8.O-O Nf6
9.f4 Nbd7 10.Be3 b5 11.a3 Bb7 12.Kh1 Rc8 13.Qe1 O-O 14.Qg3 e5 15.Rad1 Nh5
16.Qh3 exf4 17.Bc1 g6 18.Be2 Ng7 19.Bxf4 Qc7 20.e5 d5 21.e6 Ne5 22.Nxd5 Bxd5
23.Rxd5 fxe6 24.Bxe5 Qxc2 25.Rd2 Rxf1+ 26.Bxf1 Rf8 27.Qd3 Qxb3 28.Rd1 Qxd3
29.Bxd3 Rd8 30.Be2 Rxd1+ 31.Bxd1 Ne8 32.Be2 Bf6 33.Bxf6 Nxf6 34.a4 bxa4 35.Bxa6 Ne4
36.Kg1 Kf7 37.Kf1 Kf6 38.Ke2 Ke5 39.Bb5 a3  0-1

[Event "TCh-CZE 2010-11"]
[Site "Czech Rep CZE"]
[Date "2011.03.05"]
[Round "8.3"]
[White "Bobras,P"]
[Black "Kovalev,An"]
[Result "1-0"]
[WhiteElo "2530"]
[BlackElo "2542"]

1.e4 c5 2.Nf3 e6 3.d4 cxd4 4.Nxd4 a6 5.Bd3 Bc5 6.Nb3 Ba7 7.Qe2 Nc6 8.Be3 d6
9.O-O Nf6 10.c4 e5 11.Bxa7 Rxa7 12.Nc3 Be6 13.Rfd1 Nd7 14.Qe3 b6 15.Rd2 Nc5
16.Rad1 Nxb3 17.axb3 O-O 18.Bf1 Rd7 19.b4 Nd4 20.Ne2 Nxe2+ 21.Bxe2 Qc7 22.Qa3 Qb7
23.f3 b5 24.c5 Rfd8 25.Qa5 h6 26.h3 Qc6 27.Qb6 Qxb6 28.cxb6 Rb7 29.Rxd6 Rxd6
30.Rxd6 Kf8 31.f4 Ke7 32.fxe5 Rd7 33.Bf3 Rb7 34.Kf2 Rb8 35.Ke3 Bc8 36.Bg4 Bxg4
37.hxg4 Rb7 38.Kd4 Rb8 39.Kd5 f6 40.e6 Rb7 41.Kc5 g6 42.Rd7+ Rxd7 43.exd7 Kxd7
44.Kd5 h5 45.gxh5 gxh5 46.g3  1-0

[Event "ch-NCA 2011"]
[Site "Managua NCA"]
[Date "2011.03.06"]
[Round "3.1"]
[White "Velasquez,Ro"]
[Black "Davila,C"]
[Result "1/2-1/2"]
[WhiteElo "2035"]
[BlackElo "2319"]

1.e4 c5 2.Nf3 e6 3.d4 cxd4 4.Nxd4 a6 5.Bd3 Bc5 6.Nb3 Ba7 7.O-O Nc6 8.Qe2 d6
9.Be3 Bxe3 10.Qxe3 e5 11.Nc3 Nf6 12.Nd5 Be6  1/2-1/2

[Event "FSGM March"]
[Site "Budapest HUN"]
[Date "2011.03.07"]
[Round "3"]
[White "Womacka,M"]
[Black "Neubronner,J"]
[Result "0-1"]
[WhiteElo "2475"]
[BlackElo "2262"]

1.e4 c5 2.Nf3 e6 3.d4 cxd4 4.Nxd4 a6 5.Bd3 Bc5 6.Nb3 Ba7 7.Qg4 Nf6 8.Qg3 d6
9.Nc3 Nc6 10.Bg5 h6 11.Bd2 b5 12.O-O-O b4 13.Ne2 Rb8 14.Qxg7 Ke7 15.Nf4 Ne5
16.Qg3 a5 17.Qh4 a4 18.Nh5 Ng4 19.e5 axb3 20.exf6+ Kd7 21.cxb3 Nxf2 22.Bxb4 Qb6
23.Ba3 Bb7 24.Kb1 Nxh1 25.Rxh1 Qd4 26.Bb5+ Kd8 27.Qxd4 Bxd4 28.Bxd6 Bxg2
29.Rd1 Be4+ 30.Ka1 Rxb5 31.Rxd4  0-1

[Event "Elitzur Winter GM"]
[Site "Petach Tikva ISR"]
[Date "2011.03.07"]
[Round "6"]
[White "Popilski,G"]
[Black "Zubov,A UKR"]
[Result "0-1"]
[WhiteElo "2381"]
[BlackElo "2589"]

1.e4 c5 2.Nf3 e6 3.d4 cxd4 4.Nxd4 a6 5.Bd3 Bc5 6.Nb3 Be7 7.Qg4 g6 8.Qe2 d6
9.O-O Nd7 10.Na3 Ne5 11.Nc4 Nxc4 12.Bxc4 Qc7 13.Bf4 Nf6 14.Rfd1 O-O 15.h3 b5
16.Bd3 Bb7 17.a4 b4 18.c3 bxc3 19.Rac1 Qb6 20.Rxc3 Rfc8 21.Rdc1 Qb4 22.Nd2 d5
23.Rxc8+ Bxc8 24.Bg5 Qxb2 25.Rb1 Qa3 26.Qf3 Kg7 27.Bxf6+ Bxf6 28.exd5 exd5
29.Qxd5 Be6 30.Qf3 Rd8 31.Ne4 Bf5 32.Rd1 Be7 33.Qe2 a5 34.Bb5 Rxd1+ 35.Qxd1 Qb2
36.Nd6 Bc2 37.Qd5 Bb3 38.Nc4 Qc1+ 39.Kh2 Qf4+ 40.Kg1 Qc1+ 41.Kh2 Qe1 42.Qf3 Ba2
43.g3 Qb4 44.Ne5 Bf6 45.Qe3 h5 46.h4 Bd5 47.Bc6 Bb3 48.Nd3 Qd6 49.Nf4 Bc2
50.Qf3 Qd4 51.Kg2 Be5 52.Nd5 Bd6 53.Ne3 Bd3 54.Kg1 Bc5 55.Ng2 Bc2 56.Bd5 Qa1+
57.Kh2 Qf6 58.Nf4 Bxa4 59.Bxf7 Bd6 60.Qe4 Bxf4 61.Qxa4 Qxh4+ 62.Kg2 Bxg3
63.Qxh4 Bxh4 64.Be8 Bg5 65.Kg3 Bd2 66.Kh4 Bf4 67.Kh3 Kh6 68.Kg2 Bc7 69.Kf3 Bb6
70.Kg2 h4 71.Bd7 Kg5 72.Kf3 Kf6 73.Bc6 Bc7 74.Bb5  0-1

[Event "ch-PriFO A"]
[Site "Tolyatti RUS"]
[Date "2011.03.10"]
[Round "1.1"]
[White "Kokarev,Dm"]
[Black "Tukhvatullin,V"]
[Result "1-0"]
[WhiteElo "2576"]
[BlackElo "2310"]

1.e4 c5 2.Nf3 e6 3.d4 cxd4 4.Nxd4 a6 5.Bd3 Nf6 6.O-O Qc7 7.Qe2 d6 8.c4 g6
9.Nc3 Bg7 10.Nf3 Nbd7 11.Bf4 Ng4 12.Rac1 b6 13.Rfd1 O-O 14.b3 Re8 15.Qd2 Nge5
16.Be2 Bf8 17.Ng5 Bb7 18.Be3 f6 19.Nh3 f5 20.exf5 gxf5 21.Nf4 Ng6 22.Nh5 Kf7
23.Bh6 Be7 24.Nf4 Nf6 25.Nxg6 hxg6 26.Bg5 Rh8 27.h3 Rad8 28.Qe3 Qc6 29.Bf3 Qc7
30.Re1 e5 31.Bxf6 Bxf6 32.Bd5+ Kg7 33.Na4 Qe7 34.Bxb7 Qxb7 35.Qxb6 Qxb6 36.Nxb6 e4
37.Nd5 Be5 38.b4 Rb8 39.Red1 Rhc8 40.a4 Kf7 41.a5 Ke6 42.f3 exf3 43.gxf3 g5
44.Kg2 Rh8 45.b5 Rh4 46.Nc7+ Ke7 47.Nxa6 Rg8 48.Nb4 g4 49.fxg4 fxg4 50.Nc6+ Ke6
51.Nxe5 gxh3+ 52.Kh1  1-0